[Event "WEM KT 2016"]
[Site "?"]
[Date "2016.09.04"]
[Round "9.17"]
[White "Handel, Heinz"]
[Black "Mayer, Dietmar"]
[Result "1-0"]
[WhiteElo "1661"]
[BlackElo "1668"]
[PlyCount "187"]
[EventDate "2016.??.??"]
[WhiteTeam "Rochade Metzingen"]
[BlackTeam "SC Böblingen"]

1. d4 Nf6 2. Nf3 c5 3. Bf4 b6 4. c3 Bb7 5. Nbd2 g6 6. g3 Nd5 7. Bxb8 Rxb8 8.
Bg2 Bg7 9. e4 Nf6 10. e5 Nd5 11. O-O O-O 12. Re1 cxd4 13. cxd4 Rc8 14. a3 Qc7
15. Rc1 Qb8 16. Nb3 Rxc1 17. Qxc1 Rc8 18. Qd2 Rc4 19. Rc1 Qc8 20. Bf1 Rxc1 21.
Qxc1 Qxc1 22. Nxc1 Bh6 23. Nb3 Nb4 24. Ne1 Bd5 25. Na1 Bc1 26. axb4 Bxb2 27.
Nac2 a5 28. bxa5 bxa5 29. Nd3 Bc3 30. Nc5 d6 31. exd6 exd6 32. Nd7 Bb3 33. Bd3
Bxc2 34. Bxc2 Bxd4 35. Nb8 Kf8 36. Kf1 Bc3 37. Ke2 Kg7 38. f3 Kf6 39. Kd3 Be1
40. Nc6 h5 41. Ke2 Bc3 42. h3 Ke6 43. Bb3+ Kd7 44. Ba4 Ke6 45. Kd3 Be1 46. g4
hxg4 47. hxg4 f5 48. gxf5+ Kxf5 49. Kd4 Kf4 50. Bd1 g5 51. Kd5 a4 52. Nd4 Bc3
53. Ne6+ Kf5 54. Bxa4 g4 55. Bc2+ Kf6 56. fxg4 Be5 57. g5+ Ke7 58. g6 Ke8 59.
g7 Bxg7 60. Nxg7+ Kd7 61. Ba4+ Ke7 62. Nf5+ Kf6 63. Bc2 Kg5 64. Nxd6 Kf4 65.
Kd4 Kf3 66. Nf5 Ke2 67. Be4 Kd2 68. Ng3 Kc1 69. Kc3 Kd1 70. Bf3+ Ke1 71. Ne4
Kf1 72. Kd2 Kg1 73. Bg4 Kh2 74. Ke2 Kg2 75. Ke3 Kf1 76. Kd2 Kg1 77. Ke2 Kg2 78.
Bf3+ Kh3 79. Nf6 Kg3 80. Ke3 Kh4 81. Kf4 Kh3 82. Ng4 Kh4 83. Ne3 Kh3 84. Nf1
Kh4 85. Ne3 Kh3 86. Nf5 Kh2 87. Ke3 Kg1 88. Ke2 Kh2 89. Kf1 Kh3 90. Kf2 Kh2 91.
Bg4 Kh1 92. Ng3+ Kh2 93. Nf1+ Kh1 94. Bf3# 1-0

[Event "WEM KT 2016"]
[Site "?"]
[Date "2016.09.04"]
[Round "9.18"]
[White "Reindl, Jork"]
[Black "Baumeister, Jürgen"]
[Result "0-1"]
[WhiteElo "1436"]
[BlackElo "1818"]
[PlyCount "62"]
[EventDate "2016.??.??"]
[WhiteTeam "SG Schwäbisch Gmünd"]
[BlackTeam "SC Asperg"]

1. e4 Nc6 2. Nf3 f5 3. exf5 d5 4. d4 Bxf5 5. Bf4 e6 6. c3 Bd6 7. Bxd6 cxd6 8.
Bd3 Bg4 9. h3 Bh5 10. Be2 Nf6 11. Nbd2 O-O 12. Qc2 Rc8 13. O-O e5 14. dxe5 dxe5
15. Qd1 Qb6 16. Nb3 a5 17. Qd2 a4 18. Nc1 Rcd8 19. b3 a3 20. Qe1 Rde8 21. c4
Bxf3 22. Bxf3 e4 23. Be2 d4 24. Bd1 d3 25. Qe3 Qb4 26. f3 Qc3 27. Rb1 Qb2 28.
Nxd3 Qxb1 29. Be2 exd3 30. Qxd3 Qxd3 31. Bxd3 Rd8 0-1